00322 a2200109 4500001001000000005001700010008004100027245003700068100001900105773007100124999001700195ART_1174920260410161900.0260409a 10aVoting over income tax schedules1 aRoberts, Kevin0 tJournal of public economicsg- Vol. 8, NÂș 3 (dic. 1977)wREV11485 c25795d25795